| 000 | 01143nam a22003377a 4500 | ||
|---|---|---|---|
| 001 | 1478 | ||
| 003 | DO-SdBPM | ||
| 005 | 20251210093807.0 | ||
| 007 | ta | ||
| 008 | 161205b 2006 sp| 00| 0 spa d | ||
| 020 |
_a 978844943538 _q |
||
| 040 |
_aDO-SdBPM _bspa _cBPMSU _erda |
||
| 082 | 4 |
_a808.83 _bC965b 2006 _222 |
|
| 245 | 1 | 0 |
_aCuentos bilingües / _ctraducción de Gema Aparicio Martínez ; actividades Marta Giménez del Río. |
| 264 |
_aBarcelona : _bOcéano, _c2006. |
||
| 300 |
_a247 páginas : _bilustraciones ; _c29 cm. |
||
| 336 |
_atexto _btxt _2rdacontent |
||
| 337 |
_asin mediación _bn _2rdamedia |
||
| 338 |
_avolumen _bnc _2rdacarrier |
||
| 546 | _aTexto bilingue en español e inglés. | ||
| 590 | _aInventariado, 2025/VM | ||
| 650 | 7 |
_a Cuentos infantiles _v Colecciones. |
|
| 650 | 7 |
_aAnimales _vCuentos infantiles. |
|
| 650 | 7 | _aJuegos infantiles. | |
| 650 | 7 | _aLibros ilustrados para niños. | |
| 700 | 1 |
_aAparicio Martínez, Gema, _etraductor |
|
| 700 | 1 |
_aGiménez del Río, Marta. _eilustración |
|
| 710 | 2 | _aEditorial Océano | |
| 910 | _aVMateo V. Control de calidad. BPMSU | ||
| 942 |
_2ddc _cBK |
||
| 999 |
_c12275 _d12275 |
||